Royal Air Force Fighter Jets - Statistics

General Stats
  • This quiz has been taken 1,782 times
  • The average score is 9 of 19
Answer Stats
Picture Answer % Correct
Tornado
90%
Harrier
87%
Typhoon
84%
F35 Lightning II
77%
F4 Phantom
67%
Lightning
60%
Hawk
57%
Meteor
46%
Vampire
46%
F86 Sabre
45%
Jaguar
44%
Canberra
42%
Buccaneer
39%
Hunter
37%
Gnat
22%
Javelin
21%
Venom
20%
Swift
15%
Jet Provost
13%
No matching quizzes found
Score Distribution
Percent of People with Each Score
Percentile by Number Answered
Your Score History
You have not taken this quiz